Diálogos sobre la educación
Guardat en:
| Autor principal: | |
|---|---|
| Format: | Llibre |
| Idioma: | espanyol |
| Publicat: |
Barcelona
Altaya
1995
|
| Col·lecció: | Grandes Obras del Pensamiento, 90
|
| Matèries: | |
| Etiquetes: |
Afegir etiqueta
Sense etiquetes, Sigues el primer a etiquetar aquest registre!
|
MARC
| LEADER | 00000nam a2200000 a 4500 | ||
|---|---|---|---|
| 001 | UCL0850 | ||
| 003 | CL-VaPUC | ||
| 008 | 030825e19950000SP |||||||||||||||||spa|d | ||
| 020 | |a 8448702123 | ||
| 082 | 0 | 4 | |a 370.1 |b VIV |2 21 |
| 100 | 0 | |a Vives, Juan Luis |e author |9 256558 | |
| 245 | 1 | 0 | |a Diálogos sobre la educación |
| 300 | |a 209 p | ||
| 942 | |c BK | ||
| 945 | |d 20030825 00:00:00 |a cmena | ||
| 260 | |a Barcelona |b Altaya |c 1995 | ||
| 650 | 0 | |a Filosofía de la educación |9 258384 | |
| 583 | |a last modification |c 20030825 00:00:00 |k Rodrigo Vera | ||
| 490 | 0 | |a Grandes Obras del Pensamiento, 90 | |
| 999 | |c 304576 |d 304574 | ||
| 952 | |0 0 |1 0 |4 0 |6 370_100000000000000_VIV_1995 |7 0 |8 A |9 367018 |a BIBEDU |b BIBEDU |d 2019-11-21 |i 3932745 |o 370.1 VIV 1995 |p 3932745 |r 2019-11-21 |w 2019-11-21 |y BK |k EPE | ||